000 00718nam a22001935i 4500
001 159064
003 ES-MaACL
005 20230906211432.0
008 040908s1856 sp |||| | spa d
040 _aCAM
_bspa
_cCAM
100 1 _aMartra, Jacinto.
_9129593
245 1 0 _aEnfermedades de las vias urinarias y de los órganos de la generacion /
_cpor Jacinto Martra.
260 _aMadrid :
_bCarlos Bailly-Bailliere,
_c1856 (
_fImp. de T. Fortanet)
300 _a454 p. ;
_c20 cm.
597 _aPag.: la secuencia 1-11 está en números romanos.
650 4 _aAparato génito urinario-
_xEnfermedades.
_9135583
752 _aEspaña -
_dMadrid
852 _aES-MaACL
_jD-1954
_z-- Rust.
_z-- Legado M. de la Fuente
999 _c159064
_d159064